Guess The Citizen Soldier Song By The Lyric - Statistics

General Stats
  • This quiz has been taken 30 times
  • The average score is 8 of 15
Answer Stats
Lyric Song % Correct
I'll never have the words, I can't explain this hell I'm Not Okay
88%
Faking a smile, but my life's been hell Dead-End Life
76%
I feel so sorry for you 'cause you're always gonna be alone Thank You For Hating Me
76%
There's no shred of evidence, 'cause I don't bleed Monster Made Of Memories
65%
'Cause this ain't a home, this cage made of bones Alone With Myself
53%
Reflection seen, it starts the flood Anyone But Me
53%
'Cause back when I was me, I lived to be replaced Scarecrow
53%
A brain built by every memory, of times I was vulnerable in vain Wired For Worthless
53%
Kept digging down 'til I hit gold Face To Face
47%
What's in my head left scars behind, every step is an uphill climb Hallelujah (I'm Not Dead)
47%
You fell like there is nowhere left to call your home tonight Let It Burn
47%
You, you disobey, lack all remorse, no empathy The Cage
47%
I am too numb to feel these broken bones If These Scars Could Speak
41%
My core beliefs that kill you slow just like a cancer Letdown
41%
What you can't feel, must not be real Buried Alive
29%
No matching quizzes found
Score Distribution
Percent of People with Each Score
Percentile by Number Answered
Your Score History
You have not taken this quiz